Analytical geometry / (Record no. 6242)
[ view plain ]
| 000 -LEADER | |
|---|---|
| fixed length control field | 00880nam a2200265 a 4500 |
| 001 - CONTROL NUMBER | |
| JCCL Control Number | 6242 |
| 003 - CONTROL NUMBER IDENTIFIER | |
| JCCL marc code | BD - Jhcc |
| 005 - DATE AND TIME OF LATEST TRANSACTION | |
| control field | 20180117175808.0 |
| 008 - FIXED-LENGTH DATA ELEMENTS--GENERAL INFORMATION | |
| fixed length control field | 950428s1963 enka 000 0 eng d |
| 035 ## - SYSTEM CONTROL NUMBER | |
| system control number | (BD - Jhcc)6242 |
| 040 ## - CATALOGING SOURCE | |
| Original cataloging agency | DLC |
| Transcribing agency | YNG |
| Modifying agency | OCL |
| -- | UKM |
| -- | EQO |
| -- | BD - Jhcc |
| 041 ## - LANGUAGE CODE | |
| Language code of Book | eng |
| 050 #0 - LIBRARY OF CONGRESS CALL NUMBER | |
| Classification number | QA552 |
| Item number | .S65 1963 |
| 082 ## - DEWEY DECIMAL CLASSIFICATION NUMBER | |
| Classification number | 516 |
| Author mark and Year | EUL 1954 |
| 100 1# - MAIN ENTRY--PERSONAL NAME | |
| Personal name | Fuller, Gordon |
| 245 10 - TITLE STATEMENT | |
| Title | Analytical geometry / |
| Statement of responsibility, etc | Fuller, Gordon |
| 260 ## - PUBLICATION, DISTRIBUTION, ETC. (IMPRINT) | |
| Place of publication, distribution, etc | Oxford : |
| Name of publisher, distributor, etc | Pergamon, |
| Date of publication, distribution, etc | 1954. |
| 300 ## - PHYSICAL DESCRIPTION | |
| Pagination | 204 p. : |
| Other physical details | ill. ; |
| Dimensions | 24 cm |
| 490 1# - SERIES STATEMENT | |
| Series statement | Commonwealth and international library of science, technology, engineering, and liberal studies. Mathematics division ; |
| Volume number/sequential designation | v. 9 |
| 500 ## - GENERAL NOTE | |
| General note | "161." |
| 650 #0 - SUBJECT ADDED ENTRY--TOPICAL TERM | |
| Topical term or geographic name as entry element | Geometry, Analytic |
| General subdivision | Plane |
| 830 #0 - SERIES ADDED ENTRY--UNIFORM TITLE | |
| Uniform title | Commonwealth and international library of science, technology, engineering, and liberal studies. |
| Volume number/sequential designation | v. 9 |
| 942 ## - ADDED ENTRY ELEMENTS (KOHA) | |
| Source of classification or shelving scheme | Dewey Decimal Classification |
| Koha item type | Books |
| Source of classification or shelving scheme | Damaged status | Not for loan | Home library | Current library | Shelving location | Date of accession | Total Checkouts | Full call number | Barcode | Date last seen | Copy number | Koha item type |
|---|---|---|---|---|---|---|---|---|---|---|---|---|
| Dewey Decimal Classification | JCC Rouf Library | JCC Rouf Library | General Stacks | 11/17/2017 | 516 EUL 1954 | 8092 | 01/17/2018 | C-1 | Books |